Statistiche per Elenca la formazione - Quiz n°25

Clicka qui per fare il quiz!

Statistiche generali

  • Questo quiz è stato fatto 29 volte
  • Il punteggio medio è 10 su 11

Statistiche sulle risposte

RuoloNazioneCalciatore% Corretto
AlaBrasileAntony
100%
TrequartistaPortogalloBruno Fernandes
100%
PortiereSpagnaDavid de Gea
100%
CentrocampistaBrasileCasemiro
96%
DifensoreArgentinaLisandro Martínez
96%
DifensoreInghilterraLuke Shaw
96%
AlaInghilterraMarcus Rashford
96%
DifensorePortogalloDiogo Dalot
92%
CentrocampistaBrasileFred
92%
DifensoreFranciaRaphaël Varane
84%
AttaccantePaesi BassiWout Weghorst
76%

Distribuzione punteggi

Percentile per numero di risposta

Percentuale di utenti per punteggio

I tuoi punteggi nel tempo

Non hai fatto questo quiz